000 00449nam a2200181Ia 4500
008 090124s9999 xx 000 0 und d
082 _b17601
_a5146
100 _aभावे पु.ल.
245 _a गुढकथा
250 _a1
260 _c1969
300 _a176
600 _aभावे पु.ल.
630 _a गुढकथा
700 _aभावे पु.ल.
730 _a गुढकथा
942 _cBOOK
999 _c131541
_d131541